[Event "22nd OIBM 2018"]
[Site "Gmund am Tegernsee"]
[Date "2018.10.27"]
[Round "1"]
[White "Astengo, Corrado"]
[Black "Andersson, Ulf"]
[Result "0-1"]
[WhiteElo "2114"]
[BlackElo "2530"]
[Annotator "TA"]
[PlyCount "96"]
[EventDate "2018.10.27"]
[EventType "swiss"]
[EventCountry "GER"]
[SourceTitle "playchess.com"]
[Source "ChessBase"]
[SourceQuality "1"]

{[%evp 22,96,8,1,4,0,4,0,13,0,15,0,2,10,17,1,0,0,0,-11,-1,-14,-11,-10,-10,-14,-1,-10,-6,-20,-20,-15,0,-10,-13,-22,-8,-8,0,-10,0,-2,-10,-7,0,0,0,0,0,-18,-19,-138,-114,-120,-108,-281,-256,-391,-391,-391,-390,-387,-377,-387,-382,-415,-404,-477,-474,-378,-311,-495,-470,-1000,-993,-938,-929]} 1. e4 e6 2. d4 d5 3. Nd2 c5 4. exd5 Qxd5 5. Ngf3 cxd4 6. Bc4 Qd6 7. O-O Nf6 8. Nb3 Nc6 9. Nbxd4 Nxd4 10. Qxd4 Qxd4 11. Nxd4 Bd7 12. h3 {LiveBook: 3 Games. C07: French Tarrasch: 3...c5, 4 Ngf3 and 4 exd5 Qxd5} (12. Be2 Bc5 13. Rd1 Rc8 14. c4 O-O 15. Be3 e5 16. Nc2 Bf5 17. Bxc5 Rxc5 18. Ne3 Be6 19. b4 Rc7 20. c5 Ne4 21. Rac1 Rfc8 22. Bf3 Nf6 23. Bd5 Nxd5 24. Nxd5 Bxd5 25. Rxd5 f6 26. Rcd1 {½-½ (26) Anand,V (2786)-So,W (2812) Stavanger 2017}) 12... Rc8 13. Bb3 Bc5 14. Be3 {The position is equal.} O-O {[%cal Be8g8,Bg8f8,Bf8e7][%mdl 32]} 15. Rfe1 Rfd8 16. Rad1 Bb6 17. c3 Kf8 $146 ({Predecessor:} 17... Be8 18. Nc2 Bxe3 19. Nxe3 Bc6 20. Rxd8+ Rxd8 {0-1 (71) Sun,C (2041)-Sultan,I (2141) Sharjah 2018}) 18. Nc2 Bxe3 19. Nxe3 Bc6 20. Kf1 g6 21. Ke2 Ke7 22. h4 Nd7 23. Bc2 h6 24. f3 Ne5 25. Rxd8 (25. f4 {with more complications.} Rxd1 26. Rxd1 Nd7 27. Kf2 f5 28. Bb3) 25... Rxd8 26. Rd1 Rg8 27. Kf2 g5 28. Rd4 Rc8 29. Nc4 Nd7 30. Na5 Ne5 31. Nc4 Nxc4 32. Rxc4 $11 {[%mdl 4096] Endgame KRB-KRB} Rd8 33. Ke3 f5 34. hxg5 hxg5 {[%cal Bh6g5,Bg5g4][%mdl 32] ...f4+ is the strong threat.} 35. Rd4 f4+ 36. Kd3 {[#]} (36. Ke2 $11 {remains equal.}) 36... Rh8 $1 $17 {[%cal Rh8h2] Threatens to win with ...Rh2.} 37. Ke2 e5 38. Rd2 $2 {[#]} (38. Rd1 $17 {was the only defense.}) 38... g4 $1 $19 {[%mdl 512]} 39. Be4 (39. fxg4 $142 Bxg2 40. Ke1) 39... Bxe4 40. fxe4 {KR-KR} Rh2 41. Kf2 Rh1 42. Rd5 Ke6 43. Rb5 b6 44. a4 Ra1 45. Rb4 Kf6 {And now ...g3+ would win.} 46. Ke2 (46. g3 $142 Rc1 47. Rb5) 46... Rc1 {Black is clearly winning.} 47. Rb5 {[#]} (47. Rc4 $142 g3 48. b3) 47... f3+ $1 {[%mdl 512]} 48. gxf3 g3 {Precision: White = 28%, Black = 58%.} 0-1

[Event "22nd OIBM 2018"]
[Site "Gmund am Tegernsee"]
[Date "2018.10.27"]
[Round "1"]
[White "Tolhuizen, Ludo"]
[Black "Stefansson, Hannes"]
[Result "0-1"]
[WhiteElo "2114"]
[BlackElo "2502"]
[Annotator "TA"]
[PlyCount "90"]
[EventDate "2018.10.27"]
[EventType "swiss"]
[EventCountry "GER"]
[SourceTitle "playchess.com"]
[Source "ChessBase"]
[SourceQuality "1"]

{[%evp 26,90,-3,-4,-6,-11,-11,-8,-8,-20,-20,-19,-17,-42,-45,-36,-30,-31,-32,-33,-20,-28,-31,-29,-28,-36,-28,-45,-28,-64,-52,-61,-63,-57,-59,-61,-33,-41,-41,-43,-45,-68,-52,-68,-58,-87,-94,-93,-82,-272,-258,-302,-204,-285,-276,-477,-454,-573,-520,-657,-509,-583,-577,-562,-560,-510,-496]} 1. d4 Nf6 2. Nf3 b6 3. e3 Bb7 4. Bd3 e6 5. O-O d5 6. c4 Bd6 7. Nc3 O-O 8. cxd5 exd5 9. Qc2 a6 10. e4 {E14: Queen's Indian: Classical Variation (4 e3)} dxe4 11. Nxe4 Nxe4 12. Bxe4 Bxe4 13. Qxe4 Nd7 14. Bg5 {[#] LiveBook: 13 Games} Qc8 $146 ({Predecessor:} 14... Qe8 15. Qf5 Qe6 16. Qxe6 fxe6 17. Rfe1 Rae8 {½-½ (36) Salem,A (2638)-Khismatullin,D (2632) Riadh 2017}) 15. Rac1 Re8 16. Qc2 Qb7 17. Rfe1 Rxe1+ 18. Rxe1 Qd5 19. Qe4 Qxe4 20. Rxe4 h6 21. Bd2 Nf6 22. Re1 Rd8 23. Kf1 Nd5 24. h3 f6 25. Nh4 Ne7 26. g4 Kf7 27. f4 g5 28. fxg5 hxg5 29. Nf3 Ng6 30. Kg2 Rh8 31. Be3 Re8 32. Kf2 Bf4 33. Re2 Re4 34. Re1 Ke6 35. Bxf4 Rxe1 36. Nxe1 Nxf4 $15 {[%mdl 4096] Endgame KN-KN} 37. h4 $2 (37. Ke3 $17) 37... gxh4 $19 {[%cal Bg5h4,Bh4h3][%mdl 32]} 38. Ke3 Nd5+ 39. Ke4 h3 {[#] Threatens to win with ...h2.} 40. Nf3 $2 (40. Nd3) 40... a5 {[%cal Ba6a5,Ba5a4][%mdl 32] Black is clearly winning.} 41. a3 a4 42. g5 f5+ 43. Kd3 Kf7 44. Ke2 Kg6 45. Kf2 Nf4 {Precision: White = 40%, Black = 74%.} 0-1

[Event "22nd OIBM 2018"]
[Site "Gmund am Tegernsee"]
[Date "2018.10.27"]
[Round "1"]
[White "Roemhild, Marcus"]
[Black "Jarmula, Lukasz"]
[Result "0-1"]
[WhiteElo "2107"]
[BlackElo "2492"]
[Annotator "TA"]
[PlyCount "106"]
[EventDate "2018.10.27"]
[EventType "swiss"]
[EventCountry "GER"]
[SourceTitle "playchess.com"]
[Source "ChessBase"]
[SourceQuality "1"]

{[%evp 15,106,-34,-22,-51,-45,-51,-50,-56,-47,-58,-58,-71,-40,-71,-61,-69,-74,-83,-88,-102,-102,-99,-91,-91,-95,-108,-91,-110,-93,-110,-78,-81,-71,-70,-45,-102,-87,-87,0,0,0,0,0,-13,39,-18,-4,-10,-12,-15,-16,-11,-9,-111,-111,-126,-112,-119,-97,-135,-134,-165,-160,-276,-275,-250,-98,-334,-189,-183,-197,-197,-197,-189,-169,-1119,-1056,-1434,-1393,-1412,-1375,-1291,-1134,-6079,-5193,-6364,-6111,-29986,-29987,-29987,-29988,-29988,-29989]} 1. c4 e5 2. Nc3 Nf6 3. Nf3 Nc6 4. d4 d6 5. dxe5 Nxe5 6. Nxe5 {A54: Old Indian Defence with Nf3, but without e4} (6. b3 Nxf3+ 7. exf3 g6 8. Bd3 Bg7 9. O-O O-O 10. Bb2 d5 11. Nxd5 Nxd5 12. Bxg7 Kxg7 13. cxd5 Qxd5 {0-1 (66) Dzagnidze,N (2570)-Harika,D (2505) Beijing 2014}) 6... dxe5 7. Qxd8+ Kxd8 8. Bg5 c6 {LiveBook: 4 Games} 9. a3 Be6 10. e3 Kc7 11. Be2 Nd7 {[%cal Bf6d7,Bd7c5,Bc5b3][%mdl 32]} 12. Bh4 $146 ({Predecessor:} 12. Na4 f5 {½-½ (51) Gottkehaskamp,P (1979)-Korb,A (2003) Germany 2013}) 12... h5 13. f3 f6 14. Bf2 a5 {[%cal Ba7a5,Ba5a4][%mdl 32]} 15. Rc1 Nc5 16. Rc2 b6 17. e4 Kb7 18. O-O Nb3 19. Rd1 a4 20. Kf1 Be7 21. Ke1 g5 22. Be3 g4 23. Bf1 gxf3 24. gxf3 Rhg8 25. Ne2 ({Better is} 25. Rg2 $15) 25... f5 $17 {White must now prevent ...Bh4+.} 26. Bh3 Rad8 (26... Bh4+ $17 27. Bf2 Bxf2+ 28. Kxf2 Raf8) 27. Rxd8 $11 Rxd8 28. exf5 Bf7 29. Ng3 Bh4 (29... Nd4 $11 30. Bxd4 Rxd4) 30. Ke2 ({White should play} 30. Bf2 $14) 30... Na5 $36 {[%mdl 2048] Black is pushing.} 31. c5 Bc4+ 32. Kf2 Bd3 33. Rc3 b5 34. Bf1 (34. Bc1 $11 {keeps the balance.}) 34... Bxf5 $1 $17 35. Kg2 Bg6 36. Ne4 Nb3 37. Nd6+ Kc7 38. f4 Be1 39. f5 (39. fxe5 $17 {was the only defense.} Bxc3 40. bxc3) 39... Bxc3 40. bxc3 {[#]} Bh7 $2 (40... Bxf5 $1 $19 {[%mdl 512] Strongly threatening ...Be6.} 41. Nxf5 Rd1) 41. Kf3 $2 {[#]} (41. f6 $17 {was called for.}) 41... Nxc5 (41... Bxf5 $142 $1 {[%mdl 512] aiming for ...Rf8.} 42. Nxf5 Nd2+ 43. Bxd2 Rxd2) 42. Bxc5 $19 Rxd6 43. Bxd6+ Kxd6 {[%mdl 4096] Endgame KB-KB} 44. Ke4 Bg8 45. Bh3 $2 (45. h4) 45... Bd5+ 46. Ke3 Ke7 47. Bf1 h4 48. Bd3 Kf6 49. Bc2 c5 50. Bd3 {[#]} b4 $1 {[%mdl 512]} 51. c4 (51. axb4 cxb4) 51... bxa3 {Black mates.} 52. cxd5 a2 53. d6 a1=Q {Precision: White = 38%, Black = 56%.} 0-1

[Event "22nd OIBM 2018"]
[Site "Gmund am Tegernsee"]
[Date "2018.10.27"]
[Round "1"]
[White "Semprun Martinez, Fernando"]
[Black "Milov, Leonid"]
[Result "0-1"]
[WhiteElo "2102"]
[BlackElo "2481"]
[Annotator "TA"]
[PlyCount "41"]
[EventDate "2018.10.27"]
[EventType "swiss"]
[EventCountry "GER"]
[SourceTitle "playchess.com"]
[Source "ChessBase"]
[SourceQuality "1"]

{[%evp 15,41,-1,11,-70,-34,-78,-71,-65,-63,-69,-81,-106,-99,-145,-145,-145,-136,-158,-168,-234,-219,-336,-309,-417,-338,-1016,-1000,-1039]} 1. e4 c5 2. Nf3 e6 3. d4 cxd4 4. Nxd4 Nc6 5. Nc3 Qc7 6. f4 a6 7. Nxc6 Qxc6 {B47: Sicilian: Taimanov: 5 Nc3 Qc7 6 f4, 6 g3 and 6 Be2} 8. Be3 b5 {[%cal Bb7b5,Bb5b4][%mdl 32] LiveBook: 47 Games} 9. Qd3 $146 ({White should play} 9. a3 $11) ({Predecessor:} 9. Be2 Ba3 10. Nxb5 axb5 11. bxa3 Qxe4 12. Bd4 Bb7 13. Qd3 Ne7 14. Qxe4 Bxe4 15. Bxb5 Bxc2 16. Rc1 Ba4 17. Bd3 Bc6 {0-1 (46) Ponomariov,R (2731)-Ivanchuk,V (2731) Beijing 2013}) 9... Bb7 {Black is slightly better.} (9... b4 $5 {[%cal Rb4c3]} 10. Nb1 Nf6 $15) 10. O-O-O b4 11. Ne2 Nf6 12. e5 Nd5 13. Bd2 Bc5 14. Nd4 Qb6 ({Reject} 14... Bxd4 $6 15. Qxd4 a5 16. Bd3 $11) 15. Nb3 Bf2 16. Kb1 a5 {[%cal Ba6a5,Ba5a4,Ba4a3][%mdl 32]} 17. Qb5 {[#]} (17. Be1 {was worth a try.}) 17... Qa7 $1 $19 18. Bc1 (18. h4 $142) 18... O-O 19. f5 a4 20. Nd2 $2 (20. Na5 Qxa5 21. Qxb7) 20... a3 21. Qc4 {Precision: White = 16%, Black = 74%.} 0-1

[Event "22nd OIBM 2018"]
[Site "Gmund am Tegernsee"]
[Date "2018.10.27"]
[Round "1"]
[White "Thiel, Fabian"]
[Black "Caspi, Israel"]
[Result "1/2-1/2"]
[WhiteElo "2101"]
[BlackElo "2471"]
[Annotator "TA"]
[PlyCount "79"]
[EventDate "2018.10.27"]
[EventType "swiss"]
[EventCountry "GER"]
[SourceTitle "playchess.com"]
[Source "ChessBase"]
[SourceQuality "1"]

{[%evp 9,79,-3,-18,-37,-6,-9,-14,-29,-35,-52,-51,-81,-8,-8,-9,-9,0,-21,0,0,0,-81,-77,-155,-52,-42,-54,-147,-118,-133,-134,-139,-134,-139,-127,-127,-117,-135,-118,-201,-185,-243,-150,-163,-163,-185,-163,-163,-171,-177,-154,-167,-167,-162,-172,-425,-456,-397,-160,-164,-7,-17,626,158,158,158,151,151,151,96,158,151]} 1. e4 d5 2. Nc3 dxe4 3. Nxe4 Qd5 4. Qf3 Nc6 5. Nc3 Qe6+ $146 ({Vorgänger:} 5... Qe5+ 6. Qe2 Bf5 7. Qxe5 Nxe5 8. d4 Nc6 9. Bb5 O-O-O 10. Bxc6 bxc6 11. Nf3 f6 12. Be3 Bxc2 {0-1 (44) Torsteinsson,E (2323)-Salvador Marques,C (2403) ICCF email 2006}) 6. Qe2 {A00: Unregelmäßige Eröffnungen} Qd6 7. Nb5 Qd8 8. Qd3 {Die Stellung ist ausgeglichen.} Bd7 9. Qg3 e5 10. Nf3 f6 (10... a6 $17 11. Nc3 Nh6 12. Nxe5 Qe7) 11. d4 $1 $11 {[%cal Rd4e5]} a6 12. Nc3 $1 {[%cal Rd4e5]} Nb4 $36 {[%mdl 2048] Schwarz steht aktiver.} (12... exd4 $6 13. Nd5 $16) 13. Bd3 $1 {[%cal Rd3h7] Droht stark Lxh7!} Nxd3+ 14. cxd3 exd4 15. Nd5 (15. Nxd4 $11 Qe7+ 16. Be3) 15... Kf7 $1 $17 {Und weiter mit ...c6 wäre nett.} 16. O-O (16. Nxc7 $2 Rc8 $19) (16. Qf4 $142) 16... Ne7 (16... c6 $1 $17 {[%cal Rc6d5]} 17. Nf4 (17. Nc7 $2 Rc8 $19) 17... Bd6) 17. Nxe7 $1 $15 ({Nicht} 17. Nxc7 $2 Rc8 $19) 17... Bxe7 18. Qh4 (18. Bf4 $15 c5 19. Bc7) 18... c5 19. Re1 Bf5 20. Qf4 g6 $1 21. b4 b6 {[%cal Bb7b6,Bb6c5][%mdl 32]} 22. Ba3 {Die Idee ist bxc5.} Bd6 ({Jedoch nicht} 22... cxb4 23. Bb2 $15) 23. Qc1 Qd7 ({Viel schlechter ist} 23... cxb4 $6 24. Qc4+ Kg7 25. Bxb4 $11) 24. Qc4+ (24. bxc5 $17 {war angesagt.} bxc5 25. Nh4) 24... Be6 $19 25. Qc2 (25. Qc1 {ist wohl besser.}) 25... Rac8 26. bxc5 bxc5 27. Rab1 Bd5 28. Nd2 Rhe8 29. Nc4 Rxe1+ 30. Rxe1 Bc7 {...Dg4 ist eine echte Drohung.} 31. Bxc5 {Weiss will Te7+ spielen.} Qg4 {[%csl Gd5][%cal Rg4g2]} 32. f3 $2 {[#]} (32. Re7+ Kg8 33. f3 Bxf3 34. Qf2) 32... Bxh2+ $1 {[%mdl 512]} 33. Kf1 (33. Kxh2 Qh4+) 33... Bxf3 (33... Qf5 $1 $19 {bietet bessere Gewinnchancen.} 34. Re2 Rxc5 35. Ne5+ Bxe5 36. Qxc5 Bxf3 $1 {[%mdl 512]} 37. gxf3 Qxf3+ 38. Ke1 Qh1+ 39. Kf2 Qh2+ 40. Kf1 Qh3+ 41. Ke1 Qh1+ 42. Kf2 Qh2+ 43. Kf1 Qh3+ 44. Ke1 Qh1+) 34. Bd6 $17 {[#]} Bxg2+ $2 (34... Bd5 $1 $19 {Und ...Df5+ würde nun gewinnen.} 35. Bxh2 Qf5+ 36. Kg1 Bxc4) 35. Qxg2 $11 Qxg2+ $2 (35... Qf5+ $11 36. Ke2 Rxc4 37. Qb7+ Kg8 38. dxc4 Bxd6 39. Qa8+ Kf7 40. Qa7+ Kf8 41. Qa8+ Ke7 42. Qa7+ Qd7 43. Qxd4 Qe6+ 44. Kd1 Be5) 36. Kxg2 $16 Rxc4 $19 {KTL-KTL} 37. Re7+ Kg8 38. dxc4 Bxd6 39. Rd7 ({Günstiger ist} 39. Re6 Be5 40. Rxa6) 39... Be5 (39... Bb4 $142) 40. c5 {Precision: Weiß = 45%, Schwarz = 50%.} 1/2-1/2

[Event "22nd OIBM 2018"]
[Site "Gmund am Tegernsee"]
[Date "2018.10.27"]
[Round "1"]
[White "Lindam, Ingo"]
[Black "Bellia, Fabrizio"]
[Result "0-1"]
[WhiteElo "2098"]
[BlackElo "2448"]
[Annotator "TA"]
[PlyCount "92"]
[EventDate "2018.10.27"]
[EventType "swiss"]
[EventCountry "GER"]
[SourceTitle "playchess.com"]
[Source "ChessBase"]
[SourceQuality "1"]

{[%evp 18,92,20,17,25,0,10,-11,-4,0,14,-22,-22,-21,-17,-22,-11,-29,0,-31,59,-11,-5,-16,-31,-24,-15,-12,-25,-48,-30,-31,-37,-31,-16,-52,-28,-40,-17,-7,-16,-47,-53,-80,-70,-100,-104,-127,-115,-146,-143,-187,-187,-187,-68,-82,-57,-166,-156,-160,-162,-298,-289,-276,-202,-226,-197,-879,-879,-879,-877,-4335,-2165,-6113,-5981,-5714,-4468]} 1. d4 d5 2. Nf3 c6 3. c4 Nf6 4. Qc2 g6 5. Bf4 Bf5 6. Qb3 Qb6 7. c5 Qxb3 8. axb3 Nbd7 9. b4 {D11: Slav Defence: 3 Nf3 sidelines and 3...Nf6 4 e3 Bg4} Bxb1 10. Rxb1 {LiveBook: 4 Games} Bg7 11. Ra1 {White has an edge.} O-O 12. h3 a6 13. e3 Rfe8 (13... Ne4 14. Bd3 Rfe8 15. Bxe4 dxe4 16. Nd2 e5 17. dxe5 Bxe5 {0-1 (69) Bu,X (2730)-Grigoriants,S (2561) Riadh 2017}) 14. Be2 $146 ({Predecessor:} 14. Bd3 Ne4 15. O-O e5 16. Bh2 f5 17. Rfe1 {½-½ (50) Mollov,E (2402)-Mullon,J (2215) Saint Affrique 1999}) 14... Ne4 15. O-O f6 16. Rfd1 e5 17. Bh2 Nf8 18. Kf1 Rac8 (18... exd4 $15 19. Nxd4 f5) 19. Ra3 (19. dxe5 $14 fxe5 20. Kg1) 19... Re7 20. Bd3 exd4 21. Nxd4 f5 $1 22. Bc2 Ne6 23. f3 {Black must now prevent Nxe6.} Nxd4 24. exd4 Ng5 25. Bd6 Re6 26. Bf4 Nf7 27. Re3 Rce8 28. Rxe6 Rxe6 29. Bg3 Re8 30. Bf2 Nd8 31. g4 fxg4 32. hxg4 Ne6 33. Be3 {[#]} Nxc5 $1 {[%mdl 512]} 34. bxc5 {Threatens to win with Kf2.} Rxe3 $17 {[%mdl 4096] Endgame KRB-KRB} 35. Kf2 {[#]} Re8 (35... Bh6 $1 $19 36. Rd3 Re7) 36. f4 Kf7 37. f5 ({White should play} 37. b4 $15) 37... Bf6 $19 38. Kf3 Kg7 39. Kf4 (39. fxg6 $142 hxg6 40. g5) 39... Re2 40. Bd3 Rf2+ 41. Ke3 Rxb2 42. Rb1 $2 (42. fxg6 hxg6 43. Rb1 Rxb1 44. Bxb1) 42... Rxb1 {Black is clearly winning.} 43. Bxb1 h5 {[%cal Bh7h5,Bh5h4][%mdl 32]} 44. fxg6 h4 45. Bf5 Bxd4+ 46. Kf3 a5 {Precision: White = 20%, Black = 62%.} 0-1

[Event "22nd OIBM 2018"]
[Site "Gmund am Tegernsee"]
[Date "2018.10.27"]
[Round "1"]
[White "Wille, Thomas"]
[Black "Carow, Johannes"]
[Result "0-1"]
[WhiteElo "2096"]
[BlackElo "2439"]
[Annotator "TA"]
[PlyCount "76"]
[EventDate "2018.10.27"]
[EventType "swiss"]
[EventCountry "GER"]
[SourceTitle "playchess.com"]
[Source "ChessBase"]
[SourceQuality "1"]

{[%evp 15,76,-2,2,-2,20,0,56,0,0,0,0,-11,0,0,0,0,2,4,0,0,-4,-2,0,-19,-22,-17,-14,-50,-77,-72,-68,-71,-75,-97,-105,-111,-105,-147,-133,-164,-156,-159,-163,-166,-180,-147,-176,-205,-206,-354,-361,-365,-369,-359,-335,-508,-481,-869,-840,-791,-529,-2974,-2807]} 1. c4 c5 2. Nc3 g6 3. g3 Bg7 4. Bg2 Nc6 5. d3 e6 6. e4 Nge7 7. Nge2 O-O 8. O-O b6 {LiveBook: 19 Games} 9. Bf4 {A36: Symmetrical English vs ...g6: 4 Bg2 Bg7} (9. Be3 Nd4 10. Rb1 Bb7 11. b4 d6 12. Qd2 Qd7 13. Bh6 Rad8 14. Bxg7 Kxg7 15. Nxd4 cxd4 16. Ne2 e5 17. f4 f5 18. c5 fxe4 19. dxe4 Ba6 20. cxd6 Qxd6 {0-1 (43) Nechaev,O (2400)-Lobanov,S (2539) Sochi 2018}) 9... Bb7 10. Qd2 Ne5 (10... d6 $11) 11. Bxe5 (11. Rad1 $14) 11... Bxe5 $11 12. f4 $146 ({Predecessor:} 12. d4 cxd4 13. Nxd4 Rc8 14. f4 Bg7 15. b3 d5 16. e5 Ba6 17. Ncb5 dxc4 18. Nxa7 Rc7 {0-1 (18) Gollasch,T (2126)-Pajeken,W (2350) Hamburg 2002}) 12... Bg7 13. Rad1 a6 14. d4 cxd4 15. Nxd4 Rc8 16. b3 Qc7 17. Na4 Rfd8 18. Qf2 Rb8 19. Rfe1 Ba8 20. Rc1 Nc6 21. Nf3 d6 22. Red1 b5 $36 {[%mdl 2048] Black is pushing.} 23. cxb5 axb5 24. Nc3 Qa5 25. Nb1 b4 26. Rc2 Na7 {[%cal Bc6a7,Ba7b5,Bb5c3][%mdl 32]} 27. Nfd2 {[#]} d5 $1 {[%cal Bd6d5,Bd5d4,Bd4c3][%mdl 32]} 28. e5 Rbc8 29. Rdc1 Rxc2 30. Rxc2 Nb5 31. Nf3 d4 32. Ne1 (32. Nfd2 {was worth a try.}) 32... Nc3 $19 33. Bxa8 Qxa8 34. Nxc3 dxc3 35. Nf3 (35. Qf3 {was the only defense.} Rd5 36. Kg2) 35... Bf8 {And now ...Bc5 would win.Black is clearly winning.} 36. Kg2 (36. Qe2 $142 Bc5+ 37. Kg2) 36... Rd3 37. g4 Qe4 {...Rxf3! is the strong threat.} 38. Kg3 {[#]} Rxf3+ $1 {[%mdl 512] Precision: White = 31%, Black = 79%.} 0-1

[Event "22nd OIBM 2018"]
[Site "Gmund am Tegernsee"]
[Date "2018.10.27"]
[Round "1"]
[White "Hanisch, Sebastian"]
[Black "Pezerovic, Edin"]
[Result "0-1"]
[WhiteElo "2093"]
[BlackElo "2420"]
[Annotator "TA"]
[PlyCount "104"]
[EventDate "2018.10.27"]
[EventType "swiss"]
[EventCountry "GER"]
[SourceTitle "playchess.com"]
[Source "ChessBase"]
[SourceQuality "1"]

{[%evp 9,104,23,29,16,32,24,31,9,10,0,8,0,23,14,26,0,6,-15,0,0,0,0,0,0,0,-22,-15,-45,-35,-41,-52,-78,-85,-78,-79,-91,-85,-118,-110,-110,-110,-126,-125,-158,-158,-149,-146,-152,-146,-154,-152,-152,-147,-147,-129,-142,-99,-99,-98,-99,-99,-143,-127,-175,-161,-202,-200,-207,-193,-185,-155,-232,-148,-206,-206,-202,-204,-216,-81,-81,-81,-81,-81,-328,-300,-310,-302,-353,-403,-545,-494,-602,-593,-583,-563,-552,-511]} 1. d4 d5 2. Bf4 c6 3. e3 Bf5 4. c4 (4. Nf3 e6 5. c4 Nd7 6. Nc3 Ngf6 7. Be2 Be7 8. O-O Ne4 9. Qb3 Qb6 10. Nxe4 Qxb3 11. axb3 Bxe4 12. Nd2 Bg6 13. Rfc1 O-O 14. Bd1 Rfe8 15. Bc2 Bxc2 16. Rxc2 {1-0 (86) Esipenko,A (2609)-Smagin,S (2551) Sochi 2018}) 4... e6 5. Nc3 Nd7 {LiveBook: 13 Games} 6. Bd3 {D00: 1 d4 d5: Unusual lines} Bg6 7. Nf3 Ngf6 8. cxd5 $146 {White is slightly better.} ({Predecessor:} 8. O-O Be7 9. Re1 Nh5 10. Bg3 Nxg3 11. hxg3 O-O 12. e4 dxe4 13. Bxe4 Bxe4 14. Rxe4 Nf6 15. Re2 {0-1 (48) Roder,P (2250)-Rowson,J Duisburg 1992}) 8... exd5 9. O-O Be7 10. h3 Bh5 11. Rb1 O-O 12. Kh1 Re8 13. b4 b5 14. a4 a5 15. axb5 axb4 16. bxc6 bxc3 17. cxd7 Qxd7 18. Bb5 Qc8 19. Rc1 Rd8 $40 {[%mdl 128] Black mounts an attack.} 20. g4 Nxg4 21. hxg4 Qxg4 22. Be2 Ra2 $1 23. Rc2 Rxc2 $1 ({Don't play} 23... Qh3+ $6 24. Nh2 $11) 24. Qxc2 {Hoping for Ng1.} Bg6 $1 {[%cal Rg6c2]} 25. Qxc3 {Qc7 is the strong threat.} Be4 26. Kh2 Bxf3 27. Bxf3 Qxf3 28. Qc7 Bf6 29. Bg3 h5 {Threatens to win with ...h4.} 30. Qf4 Qxf4 31. Bxf4 $17 {[%mdl 4096] Endgame KRB-KRB} Kh7 32. Rg1 Rc8 33. Be5 Rc2 34. Kg3 Bd8 35. Ra1 f6 $1 36. Bd6 Rc6 $1 {[%cal Rc6d6]} 37. Bf8 {[#]} g5 $1 38. Ra7+ Rc7 39. Ra6 Rd7 40. f3 (40. f4 $17) 40... Bc7+ 41. Kh3 (41. Kg2 $17) 41... Kg6 $19 42. Bc5 Bb8 43. e4 g4+ (43... dxe4 $19 44. fxe4 g4+ 45. Kh4 Bf4) 44. fxg4 $17 hxg4+ 45. Kxg4 {Black must now prevent e5.} dxe4 46. Re6 $2 {[#]} (46. Rb6 $17 Bc7 47. Ra6) 46... Rd5 $1 $19 47. Re8 f5+ 48. Kh3 Bf4 49. Kg2 Be3 {Black is clearly winning.} 50. Re6+ Kf7 51. Re7+ Kf6 52. Re5 Rd7 {Precision: White = 38%, Black = 72%.} 0-1

[Event "22nd OIBM 2018"]
[Site "Gmund am Tegernsee"]
[Date "2018.10.27"]
[Round "1"]
[White "Pollmann, Sascha"]
[Black "Morawietz, Dieter"]
[Result "0-1"]
[WhiteElo "2091"]
[BlackElo "2408"]
[Annotator "NA"]
[PlyCount "54"]
[EventDate "2018.10.27"]
[EventType "swiss"]
[EventCountry "GER"]
[SourceTitle "playchess.com"]
[Source "ChessBase"]
[SourceQuality "1"]
[TimeControl "40/5400+30:1800+30"]

1. Nf3 {[%emt 0:00:00]} c5 {[%emt 0:00:05]} 2. g3 {[%emt 0:00:00]} Nc6 {[%emt 0:00:17]} 3. c4 {[%emt 0:00:16]} g6 {[%emt 0:00:26]} 4. d4 {[%emt 0:00:28]} cxd4 {[%emt 0:00:06]} 5. Nxd4 {[%emt 0:00:18]} Bg7 {[%emt 0:00:05]} 6. Nc2 {[%emt 0:00:22]} d6 {[%emt 0:04:29]} 7. Bg2 {[%emt 0:00:51]} Bd7 {[%emt 0:00:33]} 8. O-O {[%emt 0:00:51]} Rc8 {[%emt 0:01:58]} 9. Nc3 {[%emt 0:05:10]} Na5 {[%emt 0:03:32]} 10. Ne3 {[%emt 0:03:23]} Nf6 {[%emt 0:08:00]} 11. Qd3 {[%emt 0:05:34]} Ng4 {[%emt 0:03:20]} 12. Nxg4 {[%emt 0:04:55]} Bxg4 {[%emt 0:00:07]} 13. f3 {[%emt 0:21:18]} Bd7 {[%emt 0:05:50]} 14. b3 {[%emt 0:00:47]} b5 {[%emt 0:00:10]} 15. Be3 {[%emt 0:03:29]} bxc4 {[%emt 0:04:44]} 16. bxc4 {[%emt 0:00:23]} Nxc4 {[%emt 0:03:10]} 17. Rac1 {[%emt 0:01:41]} Bf5 {[%emt 0:19:51]} 18. Ne4 {[%emt 0:00:25]} d5 {[%emt 0:00:44]} 19. Rfd1 {[%emt 0:04:09]} Nxe3 {[%emt 0:02:19]} 20. Qxe3 {[%emt 0:01:12]} Rxc1 {[%emt 0:00:08]} 21. Qxc1 {[%emt 0:00:31]} Qb6+ {[%emt 0:01:03]} 22. Nf2 {[%emt 0:09:18]} Bd4 {[%emt 0:03:20]} 23. Rf1 {[%emt 0:05:45]} O-O {[%emt 0:00:20]} 24. f4 {[%emt 0:02:19]} Rc8 {[%emt 0:00:57]} 25. Qa3 {[%emt 0:03:28]} e6 {[%emt 0:03:40]} 26. Bf3 {[%emt 0:06:15]} Rc3 {[%emt 0:02:02]} 27. Qa4 {[%emt 0:15:33]} Bh3 {[%emt 0:00:19]} 0-1